| 000 | 00423nmm a2200145Ia 4500 | ||
|---|---|---|---|
| 008 | 251105s9999||||xx |||||||||||||||||und|| | ||
| 041 | _aspa | ||
| 100 | _aBenítez Govantes, Jorge | ||
| 245 | 0 |
_aViaje en primera : _b El amor inesperado es el real |
|
| 264 |
_a[Madrid, España] : _bLantia, _c2016 |
||
| 300 | _a0 páginas | ||
| 650 | _aRomance | ||
| 856 | _uhttps://public.digitaliapublishing.com/a/87535 | ||
| 942 | _cCF | ||
| 999 |
_c105845 _d105845 |
||